| 000 | 00819nam a2200253 a 4500 | ||
|---|---|---|---|
| 001 | 000014924 | ||
| 005 | 20240412074242.0 | ||
| 008 | 100127s2006 dr a 001 p spa d | ||
| 020 | _a9993462446 | ||
| 040 |
_aDO-SdBNP _bspa _cBNPHU |
||
| 082 |
_aRD861.5 _bC843o |
||
| 100 | 1 |
_aCot, Carmen _933788 |
|
| 245 | 1 | 0 |
_aOtros tiempos = en d autres temps / _cCarmen Cot. |
| 246 | 1 | 0 | _aEn d autreas temps |
| 260 |
_aSanto Domingo : _bUASD, _c2006. |
||
| 300 |
_a103 p. : _bil. ; _c21 cm. |
||
| 490 | 1 |
_aUniversidad Autónoma de Santo Domingo _v1275 |
|
| 500 | _aTexto en español y francés | ||
| 590 | _aInventariado, 2019/MFF | ||
| 650 | 0 |
_aPoesía dominicana _966 |
|
| 650 | 0 |
_aLiteratura dominicana. _967 |
|
| 830 | 0 |
_aUniversidad Autónoma de Santo Domingo _v1275 _917164 |
|
| 910 | _aValidado. Control de calidad MFF | ||
| 999 |
_c14504 _d14504 |
||